000 00435cam a22001814a 4500
005 20250605164253.0
008 250528s ||||||||||||||||||||||||d
035 _a21804
040 _aGR-AtMCL
_bgre
_dGR-AtMCL
_eAACR2
245 1 _aΤΟ ΝΟΗΜΑ ΤΗΣ ΖΩΗΣ
250 _a1
260 _bΕπικουρος,
_c1974
300 _a93
700 1 _aAdler, Alfred
_94324
942 _cBK
999 _c6863
_d6863